000
00284nam a22001217a 4500
003
SGT
082
_a
347.012
_b
RAO
100
_a
RAO ,RAMAKRISHNA
245
_a
JUDICIAL REVIEW AND ELECTIVE FRANCHISE
260
_a
GUNTAR
_b
ANDHRA LAW TIMES
_c
1956
300
_a
XLIV,344
942
_2
ddc
_c
BK
999
_c
20754
_d
20754